Rozpoznawanie Lokomotyw: Twój Wiedzowy Test na Torze Pociągów! - Statystyki

Ogólne statystyki
  • Ten quiz został rozwiązany 409 razy
  • Średni wynik to 7 z 10
Statystyki odpowiedzi
Obrazkowy Odpowiedź % Poprawnych
ET22
95%
EP09
87%
EU07
86%
ED250
85%
EN57
85%
EU160
71%
ED161
65%
ET42
57%
ET26
35%
SU4210
35%
Nie znaleziono quizów pasujących do podanych kryteriów
Rozkład punktacji
Procent ludzi z każdym wynikiem
Percentyl według liczby udzielonych odpowiedzi
Twoja historia wyników
Nie rozwiązałeś tego quizu